| 000 -LEADER |
| fixed length control field |
00692cmm a22002534a 4500 |
| 001 - CONTROL NUMBER |
| control field |
13848593 |
| 005 - DATE AND TIME OF LATEST TRANSACTION |
| control field |
20180312060617.0 |
| 007 - PHYSICAL DESCRIPTION FIXED FIELD--GENERAL INFORMATION |
| fixed length control field |
co |g||||||||| |
| 008 - FIXED-LENGTH DATA ELEMENTS--GENERAL INFORMATION |
| fixed length control field |
050124p20032004oru b eng d |
| 010 ## - LIBRARY OF CONGRESS CONTROL NUMBER |
| LC control number |
2005567172 |
| 035 ## - SYSTEM CONTROL NUMBER |
| System control number |
(OCoLC)ocm53040952 |
| 040 ## - CATALOGING SOURCE |
| Original cataloging agency |
QBL |
| Transcribing agency |
QBL |
| Modifying agency |
OCLCQ |
| -- |
DLC |
| 041 ## - LANGUAGE CODE |
| Language code of text/sound track or separate title |
eng |
| 042 ## - AUTHENTICATION CODE |
| Authentication code |
lccopycat |
| 080 ## - UNIVERSAL DECIMAL CLASSIFICATION NUMBER |
| Universal Decimal Classification number |
658.4 BER |
| 082 10 - DEWEY DECIMAL CLASSIFICATION NUMBER |
| Classification number |
658.4 BER |
| Edition number |
14 |
| 100 ## - Rafti |
| Rafti |
54 |
| 101 ## - Shkurtesa |
| Shkurtesa |
MEN |
| 245 00 - TITLE STATEMENT |
| Title |
Business PlanPro 2004 |
| Statement of responsibility, etc |
Palo Alto Software. |
| 246 3# - VARYING FORM OF TITLE |
| Title proper/short title |
Business plan pro 2004 |
| 906 ## - LOCAL DATA ELEMENT F, LDF (RLIN) |
| a |
7 |
| b |
cbc |
| c |
copycat |
| d |
4 |
| e |
ncip |
| f |
20 |
| g |
y-gencompf |
| 942 ## - ADDED ENTRY ELEMENTS (KOHA) |
| Source of classification or shelving scheme |
|
| Item type |
Books |